000 01335ngm a22004090a 4500
001 PT47349
003 AR-LpoUNG
005 20210202000017.0
007 vd cvaizq
008 191001s2010||||ag |||||||||||||||||spa d
037 _c$2,50
040 _aAR-LpoUNG
_bspa
_cAR-LpoUNG
_eaacr
041 _aspa
044 _aag
082 0 _a982 146v7
100 1 _aGalasso, Norberto
245 1 3 _aEl granero del mundo
260 _aBuenos Aires :
_bCentro Cultural Enrique Santos Discépolo,
_c2010.
300 _aDVD (28 min.) : son., byn, col.
520 _aReseña, a lo largo de 200 años, los hechos más trascendentes de la historia argentina y latinoamericana, reflejando en forma polémica y en profundidad, con gran profusión de imágenes y documentos, los acontecimientos que determinaron el devenir de la Nación y el pueblo argentino en el contexto latinoamericano.
650 4 _aAMERICA LATINA
650 4 _aANALISIS HISTORICO
650 4 _aARGENTINA
650 4 _aHISTORIA
650 4 _aHISTORIA POLITICA
650 4 _aHISTORIA SOCIAL
650 4 _aINVESTIGACION
651 4 _aArgentina
653 _aCINE ARGENTINO
653 _aDOCUMENTALES
653 _aDVD
653 _aREVISIONISMO HISTORICO
653 _aVIDEOS
700 1 _aZilber, Rubén
_edir.
905 _a47349
942 _cDVD
999 _c53955
_d53955